| 000 | 00747nam a22002171 4500 | ||
|---|---|---|---|
| 001 | bimo0001389507 | ||
| 003 | OSt | ||
| 005 | 20140830213003.0 | ||
| 008 | 960922s1964 sp spa | ||
| 035 | _a(OCoLC)432992666 | ||
| 040 |
_aSpMaBN _cBMC |
||
| 082 | _a920 María Cristina de Habsburgo | ||
| 100 |
_9529 _aRomanones, Álvaro de Figueroa y Torres _cConde de _d1863-1950 |
||
| 245 | 1 | 0 |
_aDoña María Cristina de Habsburgo y Lorena _b : la discreta regente de España _cConde de Romanones |
| 250 | _a3ª ed | ||
| 260 | 0 |
_aMadrid _bEspasa Calpe _c1964 |
|
| 300 |
_a161 p. _c18 cm |
||
| 490 | 0 |
_aAustral _v770 |
|
| 600 |
_9532 _aMaría Cristina de Habsburgo-Lorena _cReina consorte de Alfonso XII, Rey de España _d1858-1929 |
||
| 942 |
_2ddc _cBK |
||
| 999 |
_c439 _d439 |
||